1078 1999 1306 1149 1689 1897 1251 1905 1615 1906 1666 1467 1582 1202 1475 1864 1372 1863 1991 1963 1634 1113 1962 1594 1678 1570 1498 1368 1393 1895 1605 1422 1621 1654 1297 1291 1476 1817 1422 1015 1910 1444 1622 1488 1383 1884 1141 1965 1592 1374 1235 1821 1070 1149 1047 1593 1749 1365 1850 1385 1235 1221 1575 1140 1805 1055 1180 1751 1514 1743 1064 1519 1372 1183 1737 1455 1837 1350 1862 1579 1005 1706 1512 1437 1357 1588 1515 1234 1991 1109 1986 1700 1240 1235 1540 1767 1449 1731 1931 BCNSPRNW ULIB Ver.6.0+V

เปลี่ยนเป็นภาษาไทย

Change to English
 แสดงรายละเอียดบรรณานุกรม
  กลับหน้าหลัก

Brief Record : Get Marc (ISO 2709) : E-mail record : QR code < ปิดหน้าต่าง
LEADER : 00000nam 2200000uu 4500
001    13399125126
003     ULIB
008    161003s2559||||th 000 0 tha d
020    ^a978616793077
050  4 ^aBQ4570^bช177อ 2
100 0  ^aชยสาโร ภิกขุ
245 10 ^aอักษรสื่อสาร /^cชยสาโร ภิกขุ
250    ^aพิมพ์ครั้งที่ 1
260    ^aกรุงเทพฯ :^bมูลนิธิปัญญาประทีป หรือ โรงเรียนทอสี,^c2559
300    ^a 339 หน้า :^bภาพประกอบ ;^c19.5 ซม.
945    ^p0^l0^i001361
995    ^aณรีรัตน์ วารุกา
999    ^aวรรณษา ชูชัยมงคล
รายการนี้ยังไม่มีแท็ก
คุณยังไม่ได้ล็อกอิน คุณสามารถมีกิจกรรมร่วมกับเว็บไซต์ได้ แต่ต้องล็อกอินก่อน ::
  ล็อกอิน

รายการสื่อสารสนเทศ

ลำดับที่ ประเภท เลขเรียก/บาร์โค้ด สถานที่ สถานะ
1. วิทยาศาสตร์การแพทย์ และสุขภาพ
วิทยาศาสตร์การแพทย์ และสุขภาพ
BQ4570 ช177อ 2 ฉ.1 
  Barcode: 001361
ห้องสมุดวิทยาเขตสวรรค์ประชารักษ์
►หนังสือทั่วไป
บนชั้น

รายการใกล้เคียง
    ผู้แต่ง [ชยสาโร ภิกขุ]

BibComment


ยังไม่เคยถูกคอมเมนท์

คอมเมนท์ทรัพยากรรายการนี้
  คอมเมนท์: อักษรสื่อสาร ชย..


 Copyright 2026. Bcnsprnw @Library